| 000 | 00778nam a22002057a 4500 | ||
|---|---|---|---|
| 999 |
_c1814 _d1814 |
||
| 003 | AR-CdUCM | ||
| 008 | 190228b ||||| |||| 00| 0 spa d | ||
| 040 |
_aMUNICIPALIDAD PROVINCIAL DEL CUSCO _cBIBLIOTECA MUNICIPAL DEL CUSCO |
||
| 082 |
_a370.11 / _bP87 |
||
| 100 |
_aProfit, B. _96661 |
||
| 245 | _aLa cooperación escolar / | ||
| 260 |
_aBuenos aires : _bEdit. Losada, S.A.; _c1946. |
||
| 300 |
_a207 paginas ; _c19 cm. |
||
| 505 | _aLa cooperación escolar -- Organización federativa -- La vida de las cooperativas escolares -- El calendario de los pequeños cooperadores --Los resultados ... | ||
| 650 |
_aDeserción escolar _96662 |
||
| 650 |
_aNutrición escolar _96663 |
||
| 650 |
_aMinisterio de educación _96664 |
||
| 942 |
_2ddc _cLIBROS |
||
| 945 |
_arum _d2029-02-28 |
||